| 000 | 01585nam a2200397 a 4500 | ||
|---|---|---|---|
| 001 | ebr10575500 | ||
| 003 | CaPaEBR | ||
| 006 | m u | ||
| 007 | cr cn||||||||| | ||
| 008 | 790105s1979 ne a sb 101 0 eng d | ||
| 010 | _z 78032046 | ||
| 020 | _z0444900543 (Elsevier North-Holland) | ||
| 020 | _z9021940698 | ||
| 020 | _z9780470663615 | ||
| 020 | _z9780470718131 (e-book) | ||
| 040 |
_aCaPaEBR _cCaPaEBR |
||
| 035 | _a(OCoLC)607723942 | ||
| 050 | 1 | 4 |
_aRG558 _b.S97 1978eb |
| 082 | 0 | 4 | _a612.6/3 |
| 111 | 2 |
_aSymposium on Pregnancy Metabolism, Diabetes, and the Fetus _d(1978 : _cLondon, England) |
|
| 245 | 1 | 0 |
_aPregnancy metabolism, diabetes, and the fetus _h[electronic resource]. |
| 260 |
_aAmsterdam ; _aNew York : _bExcerpta Medica, _c1979. |
||
| 300 |
_aviii, 326 p. : _bill. |
||
| 490 | 1 |
_aCiba Foundation symposium ; _v63 (new ser.) |
|
| 504 | _aIncludes bibliographical references and indexes. | ||
| 533 |
_aElectronic reproduction. _bPalo Alto, Calif. : _cebrary, _d2011. _nAvailable via World Wide Web. _nAccess may be limited to ebrary affiliated libraries. |
||
| 650 | 0 |
_aPregnancy _vCongresses. |
|
| 650 | 0 |
_aMaternal-fetal exchange _vCongresses. |
|
| 650 | 0 |
_aMetabolism in pregnancy _vCongresses. |
|
| 650 | 0 |
_aDiabetes in pregnancy _vCongresses. |
|
| 655 | 7 |
_aElectronic books. _2local |
|
| 710 | 2 | _aCiba Foundation. | |
| 710 | 2 | _aebrary, Inc. | |
| 830 | 0 |
_aCiba Foundation symposium ; _vnew ser. 63. |
|
| 856 | 4 | 0 |
_uhttp://site.ebrary.com/lib/rucke/Doc?id=10575500 _zAn electronic book accessible through the World Wide Web; click to view |
| 999 |
_c78153 _d78153 |
||